| 000 | 005480000a22001810004500 | ||
|---|---|---|---|
| 001 | 768714001 | ||
| 003 | CO-MdFUSB | ||
| 005 | 20260305202740.0 | ||
| 008 | 260305b |||||||| |||| 00| 0 eng d | ||
| 040 |
_beng _cCO-MdFUSB |
||
| 041 | _aeng | ||
| 100 | 1 |
_aBennett, Clinton _eautor |
|
| 245 | 1 | 0 |
_aThe legacy of Karl Gottlieb Pfander _c/ Clinton Bennett |
| 300 | _aVol. 20, Núm 2 (1996), Páginas 76-81 | ||
| 773 | 0 |
_tInternational Bulletin _049483 _961011 _gVol. 20, Núm 2 (1996), Páginas 76-81 _qPáginas 76 |
|
| 942 | _cANA | ||
| 945 | _aJTF-925 | ||
| 999 |
_c57409 _d57409 |
||